Events design and experience / (Record no. 362203)
[ view plain ]
| 000 -LEADER | |
|---|---|
| fixed length control field | 00477nam a2200145Ia 4500 |
| 008 - FIXED-LENGTH DATA ELEMENTS--GENERAL INFORMATION | |
| fixed length control field | 190925s9999 xx 000 0 und d |
| 020 ## - INTERNATIONAL STANDARD BOOK NUMBER | |
| International Standard Book Number | 978-0-7506-6453-0 |
| 100 ## - MAIN ENTRY--PERSONAL NAME | |
| Personal name | Berridge, Graham |
| 245 ## - TITLE STATEMENT | |
| Statement of responsibility, etc | Graham Berridge.-- |
| Title | Events design and experience / |
| 260 ## - PUBLICATION, DISTRIBUTION, ETC. (IMPRINT) | |
| Place of publication, distribution, etc | NY : |
| Name of publisher, distributor, etc | Routledge ; Taylor & Francis Group |
| Date of publication, distribution, etc | 2007 |
| 300 ## - PHYSICAL DESCRIPTION | |
| Extent | 296 pages : |
| Other physical details | black & white pictures |
| 500 ## - GENERAL NOTE | |
| General note | Includes references and index. |
| 650 ## - SUBJECT ADDED ENTRY--TOPICAL TERM | |
| Topical term or geographic name as entry element | Management |
| 650 ## - SUBJECT ADDED ENTRY--TOPICAL TERM | |
| Topical term or geographic name as entry element | Special events -- Planning. |
| Withdrawn status | Lost status | Source of classification or shelving scheme | Damaged status | Home library | Current library | Shelving location | Date acquired | Source of acquisition | Total Checkouts | Full call number | Barcode | Date last seen | Price effective from | Koha item type |
|---|---|---|---|---|---|---|---|---|---|---|---|---|---|---|
| Library of Congress Classification | Southville International School Affiliated with Foreign Universities Library | Southville International School Affiliated with Foreign Universities Library | Southville Foreign University Section | 09/25/2019 | Donation | GT 3405 .B53 2007 | SFU0034 | 09/25/2019 | 09/25/2019 | Books |